000 01366nam a2200217Ia 4500
003 Ost
005 20260507075800.0
008 260507s9999||||xx |||||||||||||| ||und||
020 _a9789969975062
040 _cfsecg
041 _aara
082 _a339
100 _aشتوح، وليد
_eمؤلف
245 0 _aمحاضرات في الاقتصاد الكلي 1 :
_bمع أمثلة توضيحية و تمارين محلولة /
_c وليد شتوح
260 _aالجزائر:
_bدار إيلياء للنشر والتوزيع,
_c2023
300 _a326 صفحة؛
_bإيضاحات ؛
_c24 سم
504 _aمراجع ص.323-326
520 _aيتحدث الكتاب حول الإطار المفاهيمي للاقتصاد الكلي و حلقة التدفق الدائري للدخل و طرق حساب حجم النشاط الاقتصادي مع ظاهرة التضخم و الأرقام القياسية و النموذج الكلاسيكي في الاقتصاد الكلي و دالة الاستهلاك الكينزية و التوازن الكينزي في اقتصاد متكون من قطاعين و ثلاثة قطاعات مع التوازن الكينزي في اقتصاد متكون من أربعة قطاعات و دراسة مختلف أشكال المضاعافات و الفجوات.
653 _aاقتصاد كلي
942 _cكتاب
999 _c46265
_d46265